| 000 | 00765nam a2200253 a 4500 | ||
|---|---|---|---|
| 001 | 618 | ||
| 003 | BR-CuiBMT | ||
| 005 | 20231110212651.0 | ||
| 008 | 231110s2010 spb 000 0 por d | ||
| 020 | _a9788520336199 | ||
| 040 |
_aBR-CuiBMT _cBR-CuiBMT |
||
| 080 |
_22007 _a35.077.3 |
||
| 090 |
_a35.077.3 _bV324p _c2. ed. |
||
| 100 | 1 | _aVaroto, Renato Luiz Mello | |
| 245 |
_aPrescrição no processo administrativo disciplinar / _c Renato Luiz Mello Varoto. |
||
| 250 | _a2. ed., rev., atual. e ampl. | ||
| 260 |
_aSão Paulo : _bRevista dos Tribunais, _c2010. |
||
| 300 |
_a222 p.: _c21 cm |
||
| 504 | _aInclui bibliogafia. | ||
| 650 | _aProcesso administrativo | ||
| 650 | _aAdministração pública | ||
| 650 | _aDireito administrativo | ||
| 942 |
_2udc _cLV |
||
| 999 |
_c618 _d618 |
||